000 01020nam a2200301Ia 4500
003 OSt
005 20221007123134.0
006 a|||||r|||| 00| 0
007 ta
008 221006b |||||||| |||| 00| 0 eng d
020 _a9789811209598 (hbk)
024 _a201006
037 _b6069, 17/01/2020, Ashutosh Technical Books
_cTextual
040 _aPAPL
_cPAPL
_beng
041 _2eng
_aeng
082 _aC9B36:(F), Q9.10 Carpa
100 _aChoa Alexander W Ed.
_9716629
245 0 _aReviews of accelerator science and technology
_b Chou Weiren Ed.
260 _aSingapore
_bWorld Scientific
_c2019
300 _aviii, 342p. ill.
_ccm.
490 _vVol.10
650 _a Future possibilities
_9716630
650 _a Science of high energy
_9716631
650 _aPhysics
700 _a Chou Weiren Ed.
_9716389
942 _hC9B36:(F), Q9.10 Carpa
_cTEXL
_2CC
999 _c1211431
_d1211431